000 01002nmm a2200301 a 4500
001 ocm0001682964
003 TR-IsHL
005 20201028165610.0
008 171111s2011 tu tur
007 cr cn
020 _a9786058976764
035 _a1682964
_b(N$T)
050 0 4 _aHQ1726.7.Z9A
_bY87 2011
090 0 4 _aHQ1726.7.Z9A
_bY87 2011
100 1 _aYurtsever, Cezmi
245 1 0 _aÇukurovalı Kara Fatma
_h[electronic resource] /
_cCezmi Yurtsever
260 _aAdana :
_bÇukurovalı Yayınları,
_c2011
300 _a100 p.
650 4 _aTarih
650 4 _aHistory
650 0 _aÇukurovalı Kara Fatma, 1820-1865
650 0 _aKadınlar
_x Türkiye
_x Biyografi
650 0 _aWomen
_x Turkey
_x Biography
650 0 _aKadınlar
_x Türkiye
_x Adana
650 0 _aWomen
_x Turkey
_x Adana
650 7 _aHISTORY / Middle East / Turkey & Ottoman Empire
_2bisacsh
856 4 0 _uhttp://search.ebscohost.com/login.aspx?direct=true&scope=site&db=e011xww&AN=1682964
999 _c15912
_d15912